Haz clic en la provincia en un mapa sin fronteras - ¡Muerte súbita! - Estadísticas

Estadísticas generales
  • Esta prueba ha sido intentada 281.846 veces
  • La puntuación promedio es 6 de 50
Respuestas en el mapa
Las respuestas están codificadas por una escala verde-roja en el mapa de la prueba según el % correcto abajo.
 
Estadísticas de respuestas
Respuesta % Correcto
Illes Balears
17%
Asturias
15%
Barcelona
15%
Cádiz
15%
Santa Cruz de Tenerife
15%
A Coruña
14%
Girona
14%
Huelva
14%
Las Palmas
14%
Murcia
14%
Valencia
14%
Alacant / Alicante
13%
Almería
13%
Badajoz
13%
Cáceres
13%
Castellón
13%
Lleida
13%
Madrid
13%
Málaga
13%
Sevilla
13%
Tarragona
13%
Cantabria
12%
Granada
12%
Huesca
12%
Lugo
12%
Ourense
12%
Pontevedra
12%
Zaragoza
12%
León
11%
Navarra
11%
Albacete
10%
Ciudad Real
10%
Córdoba
10%
Jaén
10%
Salamanca
10%
Toledo
10%
Zamora
10%
Cuenca
9%
Teruel
9%
Bizkaia
8%
Burgos
8%
Guadalajara
8%
La Rioja
8%
Valladolid
8%
Araba / Álava
7%
Gipuzkoa
7%
Palencia
7%
Segovia
7%
Soria
7%
Ávila
6%
No se encontraron pruebas coincidentes
Distribución de puntuación
Porcentaje de gente con cada puntuación
Porcentaje por número respondido
Historial de tus puntuaciones
No has intentado esta prueba.